| 000 | 01120nam a22003377a 4500 | ||
|---|---|---|---|
| 003 | CHAP | ||
| 005 | 20220329134029.0 | ||
| 008 | 971013s1983 r 00010 d | ||
| 010 | _a14362 | ||
| 011 | _a15334 | ||
| 035 | _a19409 | ||
| 040 | _cCHAP | ||
| 090 | _aTesis | ||
| 100 | 0 | 0 |
_aHernández Díaz, José Ciro. _953958 |
| 245 | _aAnálisis comparativo de costos en arrime de trocería, con cable aéreo y motogrúa | ||
| 260 |
_aChapingo, Méx. : _bEl Autor, _c1983 |
||
| 300 | _a194 h. | ||
| 502 | _aTesis (M. en C. Esp. en Economía Forestal) -- CP. Centro de Genética | ||
| 590 |
_aALEPH _b10 _c20130110 _lUCH01 _h1235 |
||
| 590 |
_aBATCH-UPD _b10 _c20130110 _lUCH01 _h1744 |
||
| 590 |
_aBATCH-UPD _b10 _c20130410 _lUCH01 _h1123 |
||
| 590 |
_aBATCH-UPD _b10 _c20130914 _lUCH01 _h0708 |
||
| 590 |
_aCONVERSION _b10 _c20130109 _lUCH01 _h1309 |
||
| 650 | 1 | 4 |
_aBosques _xExtracción. _914174 |
| 650 | 1 | 4 |
_aMaquinaria forestal. _971212 |
| 901 | _aBK | ||
| 942 | _cFOLL | ||
| 949 |
_bBC _cTES _d-45112 _eTS1 _i19409 _si |
||
| 949 |
_bBC _cTES _d-45113 _eTS2 _fc.2 _i19409 _si |
||
| 949 |
_bBC _cTES _d-45114 _eTS2 _fc.3 _i19409 _si |
||
| 999 |
_c14362 _d14362 |
||